Statistics for Non-fully recognized "countries"

Click here to take the quiz!

General Stats

  • This quiz has been taken 20 times
  • The average score is 12 of 15

Answer Stats

HintAnswer% Correct
South Korea + 2North Korea
90%
Palestine + 31Israel
90%
Israel + 54Palestine
90%
Serbia + 94Kosovo
90%
North KoreaSouth Korea
85%
Taiwan + 14China
85%
Morocco + 152Western Sahara
85%
China + 178Taiwan
85%
TurkeyCyprus
75%
Georgia + 186Abkhazia
70%
AzerbaijanArtsakh
70%
Georgia + 187South Ossetia
65%
MoldovaTransnistria
65%
PakistanArmenia
60%
Cyprus + 191North Cyprus
50%

Score Distribution

Percentile by Number Answered

Percent of People with Each Score

Your Score History

You have not taken this quiz